| 000 | 00349 a2200157 4500 | ||
|---|---|---|---|
| 001 | 75620 | ||
| 020 | _a8503001047 | ||
| 040 | _cAnchieta - Colégio São Paulo | ||
| 100 | _aBandeira, Manuel | ||
| 240 | 1 | 0 |
_aAntologia poética _lpor |
| 245 | 1 | 0 | _aAntologia poética |
| 300 | _a207 | ||
| 362 | 0 | _a1987 | |
| 650 | 4 | _aPoesia brasileira | |
| 942 | _cBK | ||
| 999 |
_c75620 _d75620 |
||